000 00315pab a2200133 454500
008 180718b1990 xxu||||| |||| 00| 0 eng d
245 _aSpecial issue on making right to work fundamental
260 _c1990
300 _a5-83
362 _aMar.
650 _aCivil Liberties
773 _aKurukshetra
909 _a5644
999 _c5644
_d5644